Янтарная книга (Запись № 11870788)

Подробности
000 -МАРКЕР
контрольное поле 02139nam0a2200421 4500
001 - ИДЕНТИФИКАТОР ЗАПИСИ
контрольное поле RU\NLR\BIBL_A\011474363
005 - ИДЕНТИФИКАТОР ВЕРСИИ
контрольное поле 20260408202518.0
010 ## - МЕЖДУНАРОДНЫЙ СТАНДАРТНЫЙ НОМЕР КНИГИ (ISBN)
Номер (ISBN) 9785716407213
021 ## - НОМЕР ГОСУДАРСТВЕННОЙ РЕГИСТРАЦИИ
Код страны Российская Федерация
Номер 2017-61251
Номер Листа государственной регистраци 4341
035 ## - ДРУГИЕ СИСТЕМНЫЕ НОМЕРА
Идентификатор записи (RuMoRGB)008999759
035 ## - ДРУГИЕ СИСТЕМНЫЕ НОМЕРА
Идентификатор записи (NLR Aleph) 011474363
100 ## - ДАННЫЕ ОБЩЕЙ ОБРАБОТКИ
Данные общей обработки 20170918d2017 u y0rusy50 ca
101 0# - ЯЗЫК РЕСУРСА
Язык текста, звукозаписи и т.д. русский
102 ## - СТРАНА ПУБЛИКАЦИИ ИЛИ ПРОИЗВОДСТВА
Страна публикации Российская Федерация
105 ## - ПОЛЕ КОДИРОВАННЫХ ДАННЫХ: ТЕКСТОВЫЕ МАТЕРИАЛЫ, МОНОГРАФИЧЕСКИЕ
Кодированные данные о монографическом текстовом документе abc z 000zy
200 1# - ЗАГЛАВИЕ И СВЕДЕНИЯ ОБ ОТВЕТСТВЕННОСТИ
Основное заглавие Янтарная книга
Сведения, относящиеся к заглавию 70 лет янтарному комбинату
-- [монография
Первые сведения об ответственности Зацепин М. И., Ермак А. В., Костяшова В. И. и др.
Последующие сведения об ответственности редколлегия: Василевский Евгений Михайлович и др.]
210 ## - ПУБЛИКАЦИЯ, РАСПРОСТРАНЕНИЕ И ДР.
Место издания, распространения и т.д. Москва [и др.]
Имя издателя, распространителя и т. д. Московская первая типография
Дата издания, распространения и т.д. 2017
215 ## - ФИЗИЧЕСКАЯ ХАРАКТЕРИСТИКА
Специфическое обозначение материала и объем 199, [8] с.
Другие сведения о физической характеристике ил., цв. ил., портр., карты
Размеры 30
300 ## - ОБЩИЕ ПРИМЕЧАНИЯ
Текст примечания Загл. обл.: Янтарный комбинат
300 ## - ОБЩИЕ ПРИМЕЧАНИЯ
Текст примечания В макете загл.: Янтарный мир. 70 лет Калининградскому янтарному комбинату
300 ## - ОБЩИЕ ПРИМЕЧАНИЯ
Текст примечания Авт. указаны на 2-й с.
320 ## - ПРИМЕЧАНИЯ О НАЛИЧИИ В ДОКУМЕНТЕ БИБЛИОГРАФИИ / УКАЗАТЕЛЯ
Текст примечания Библиогр. в конце кн.
512 1# - ЗАГЛАВИЕ ОБЛОЖКИ
Заглавие обложки Янтарный комбинат
517 1# - ДРУГИЕ ВАРИАНТЫ ЗАГЛАВИЯ
Вариант заглавия Янтарный мир. 70 лет Калининградскому янтарному комбинату
601 02 - НАИМЕНОВАНИЕ ОРГАНИЗАЦИИ КАК ПРЕДМЕТ
Начальный элемент ввода Калининградский янтарный комбинат
Идентификатор авторитетной/нормативной записи RU\NLR\AUTH\661504056
Системный номер авторитетной/нормативной записи 2540460
686 1# - ИНДЕКСЫ ДРУГИХ КЛАССИФИКАЦИЙ
Индекс У30(2)545.110.92(2Р-4К)
686 1# - ИНДЕКСЫ ДРУГИХ КЛАССИФИКАЦИЙ
Индекс У30(2)705.610.92(2Р-4К)
701 #1 - ИМЯ ЛИЦА - АЛЬТЕРНАТИВНАЯ ОТВЕТСТВЕННОСТЬ
Начальный элемент ввода Зацепин
Часть имени, кроме начального элемента ввода М. И.
Даты 1960-
Расширение инициалов личного имени Михаил Иванович
701 #1 - ИМЯ ЛИЦА - АЛЬТЕРНАТИВНАЯ ОТВЕТСТВЕННОСТЬ
Начальный элемент ввода Ермак
Часть имени, кроме начального элемента ввода А. В.
Даты 1978-
Расширение инициалов личного имени Андрей Викторович
701 #1 - ИМЯ ЛИЦА - АЛЬТЕРНАТИВНАЯ ОТВЕТСТВЕННОСТЬ
Начальный элемент ввода Костяшова
Часть имени, кроме начального элемента ввода З. В.
Расширение инициалов личного имени Зоя Васильевна
702 #1 - ИМЯ ЛИЦА - ВТОРИЧНАЯ ОТВЕТСТВЕННОСТЬ
Начальный элемент ввода Василевский
Часть имени, кроме начального элемента ввода Е. М.
Расширение инициалов личного имени Евгений Михайлович
Код отношения Редактор
711 02 - НАИМЕНОВАНИЕ ОРГАНИЗАЦИИ - АЛЬТЕРНАТИВНАЯ ОТВЕТСТВЕННОСТЬ
Начальный элемент ввода Калининградский янтарный комбинат
Идентификатор авторитетной/нормативной записи RU\NLR\AUTH\8810128482
Системный номер авторитетной/нормативной записи 753990
942 ## - ДОПОЛНИТЕЛЬНЫЕ ЭЛЕМЕНТЫ ЗАПИСИ (АБИС)
Тип экземпляра АБИС Книга
980 ## - КОЛЛЕКЦИЯ
Название коллекции НБР

Нет доступных экземпляров.